The Lion, the witch and the wardrobe (Registro nro. 48127)
[ vista simple ]
| 000 -LÍDER | |
|---|---|
| Campo fijo de descripción fija | 004580000a22001810004500 |
| 001 - NÚMERO DE CONTROL | |
| Campo de control | 768714 |
| 003 - IDENTIFICADOR DEL NÚMERO DE CONTROL | |
| Campo de control | CO-MdBIC |
| 005 - FECHA Y HORA DE LA ULTIMA TRANSACCIÓN | |
| control field | 20220422183625.0 |
| 020 ## - NÚMERO INTERNACIONAL NORMALIZADO PARA LIBROS | |
| Número Internacional Normalizado del libro | 0-06-055650-1 |
| 040 ## - FUENTE DE CATALOGACIÓN | |
| Idioma de catalogación | spa. |
| 041 ## - CÓDIGO DE IDIOMA | |
| Código de idioma para texto/pista de sonido o título separado | eng |
| 082 04 - NÚMERO DE CLASIFICACIÓN DECIMAL DEWEY | |
| Número de clasificación | 22 |
| Número de la edición del Dewey | 813N |
| Clave de autor-Numero de item | L58nl |
| 100 1# - ASIENTO PRINCIPAL--NOMBRE PERSONAL | |
| Nombre personal | Lewis, Clive Staples |
| 245 10 - TÍTULO | |
| Título del Material | The Lion, the witch and the wardrobe |
| Mención de responsabilidad, etc. | / Clive Staples Lewis |
| 260 ## - PUBLICACIÓN, DISTRIBUCIÓN, ETC. (PIE DE IMPRENTA) | |
| Lugar de publicación, distribución, etc. | Great Britain : Harper Collins |
| 300 ## - DESCRIPCIÓN FÍSICA | |
| Extensión | 42 páginas; |
| Otros detalles físicos | ilustrado: |
| Dimensiones | 24 cm. |
| 942 ## - TIPO DE MATERIAL (KOHA) | |
| Tipo de Item KOHA | Z- Libro General BINCO |
| Estado de Material | Estado de Perdido | Forma de Clasificación | Estado de Dañado | No para Préstamo | Tomo | Biblioteca de Origen | Biblioteca Permanente | Fecha de Adquisición | Total de Préstamos | Signatura Topográfica | Código de Barras | Última vez visto | Última vez Préstado | Ejemplar/Existencia | Fecha de Remplazo | Tipo de Material |
|---|---|---|---|---|---|---|---|---|---|---|---|---|---|---|---|---|
| Dewey Decimal Classification | Biblioteca Infantil Comunitaria BINCO | Biblioteca Infantil Comunitaria BINCO | 03/05/2006 | 2 | 813N L58nl | B30492 | 25/07/2023 | 13/07/2023 | 1 | 26/01/2016 | Z- Libro General BINCO |
